000 00635nam a2200193 a 4500
001 000008391
005 20200929161333.0
008 090916s2005 xx ag 000 0 spa d
020 _a9945029002
040 _aDO-SdBNP
_bspa
_cBNPHU
082 _aRD863.44
_bA162a
100 1 _aAbreu Abreu, Tomás,
_d1962-
_922623
245 1 0 _aAntología artística de Jarabacoa (1900-2005) /
_cTomás Abreu Abreu ; prólogo Rafael Vinicio Herrera.
260 _a[s.l.]
_fSEGRACO
_c2005.
300 _a206 p. :
_bil., múc. ;
_c21 cm.
504 _aIncluye bibliografías (p. 206)
700 1 _aVinicio Herrera, Rafael,
_epról.
_922624
049 _aBNPD
999 _c8162
_d8162